01396cas a2200361 a 45000010009000000050017000090080041000260100017000670150019000840160022001030350024001250400032001490410013001810420008001940500019002020820014002212450033002352500012002682600044002803000033003243620007003574900043003645800144004075900032005516500036005836500027006197300109006468300044007559060045007999420012008449990017008569520161008731148076820170105102347.0970620c19979999gw uu p 0 0eng  a 97640157  a01852902X2dnb7 a1353913-92DE-600 a(OCoLC)ocm37160804  aDLCbengcDLCdGBVCPdOCoLC1 aenghrus apcc00aQA331.7b.C65800a515.922100aComplex analysiscJoseph Bak a3rd ed. aBerlin ;aNew York :bSpringer,cc1997- axii, 325p. :bill. ;c24 cm.0 a1-1 aEncyclopaedia of mathematical sciences aTranslated from various issues of: Itogi nauki i tekhniki. Serii͡a︡ Sovremennye problemy matematiki. Fundamentalʹnye napravlenii͡a︡. aSERBIB/SERLOC merged record 0aFunctions of complex variables. 0aMathematical analysis.0 aItogi nauki i tekhniki. Serii͡a︡ Sovremennye problemy matematiki. Fundamentalʹnye napravlenii͡a︡. 0aEncyclopaedia of mathematical sciences. a7bcbccserialsduencipf19gn-oclcserc 2ddccBK c11745d11745 001040708NFICaCLbCLcGENd2013-04-09eProgressive International Agenciesg5585.99l6m4o515.9 BAKpSEECS012212r2021-08-11s2020-11-12w2013-04-16yBK